| 000 | 01122nam a2200325 i 4500 | ||
|---|---|---|---|
| 001 | 000024603 | ||
| 003 | DO-SdBNP | ||
| 005 | 20260316081113.0 | ||
| 007 | ta | ||
| 008 | 110201s1999 dr a 001 0 spa d | ||
| 040 |
_aDO-SdBNP _bspa _cBNPHU _erda |
||
| 041 | _aspa | ||
| 082 | 4 |
_a215 _bS237d _222 |
|
| 100 | 1 |
_aSantos Nivar, Juana de los, _eautor _4aut. _950451 |
|
| 245 | 1 | 0 |
_aDesvelando el misterio de iniquidad : _bdescubra el verdadero rostro de la nueva era / _cJuana de los Santos Nivar. |
| 264 | 1 |
_aSanto Domingo : _bAmigo del Hogar, _c1999. |
|
| 300 |
_a189 páginas : _bilustraciones ; _c23 cm. |
||
| 336 |
_atexto _btxt _2rdacontent |
||
| 337 |
_asin mediación _bn _2rdamedia |
||
| 338 |
_avolumen _bnc _2rdacarrier |
||
| 490 | 1 | _aEnamórate de Jesús | |
| 500 | _aIncluye referencias bibliográficas y notas al pie de las páginas. | ||
| 504 | _aBibliografía : páginas 187-189. | ||
| 590 | _aInventariado, 2018/BT | ||
| 650 | 4 |
_aCristianismo _9885 |
|
| 650 | 4 |
_aReligión y ciencia _97388 |
|
| 650 | 4 |
_aFilosofía cristiana _9390 |
|
| 910 | _aValidado. Control de calidad. EMS | ||
| 942 |
_2ddc _cLBS1 |
||
| 999 |
_c24096 _d24096 |
||